Sports Quiz

Random Sports or Cricket Quiz

Wisden's top 5 cricketers of the 20th century Quiz Stats

 Plays Quiz not verified by Sporcle

Challenge
Share
Tweet
Embed
Score 0/5 Timer 02:00
0 Plays Today
Votes Player % Correct
100Don Bradman
95.9%
27Shane Warne
90.6%
25Viv Richards
77.2%
90Garfield Sobers
76.8%
30Jack Hobbs
56.9%

You're not logged in!

Compare scores with friends on all Sporcle quizzes.
OR
Log In

You Might Also Like...

Show Comments

Extras

Top Quizzes Today


Score Distribution

Your Account Isn't Verified!

In order to create a playlist on Sporcle, you need to verify the email address you used during registration. Go to your Sporcle Settings to finish the process.

Report this User

Report this user for behavior that violates our Community Guidelines.

Details: